Semiconductor quantum dots : physics, spectroscopy, and applications /

Bibliographic Details
Other Authors: Masumoto, Y. (Yasuaki), 1948-, Takagahara, T. (Toshihide), 1950-
Format: Book
Language:English
Published: Berlin ; New York : Springer, [2002]
Series:Nanoscience and technology.
Subjects:

MARC

Tag First Indicator Second Indicator Subfields
LEADER 00000pam a22000004a 4500
001 in00001703549
005 20151024161739.0
008 020312s2002 gw a b 001 0 eng
010 |a  2002021118 
020 |a 3540428054 (alk. paper) 
035 |a (OCoLC)ocm49355965 
040 |a DLC  |c DLC  |d TXA  |d UtOrBLW 
042 |a pcc 
049 |a TXAM 
050 0 0 |a TK7874.88  |b .S457 2002 
082 0 0 |a 621.3815/2  |2 21 
245 0 0 |a Semiconductor quantum dots :  |b physics, spectroscopy, and applications /  |c Y. Masumoto, T. Takagahara (eds.). 
264 1 |a Berlin ;  |a New York :  |b Springer,  |c [2002] 
264 4 |c ©2002 
300 |a xx, 486 pages :  |b illustrations ;  |c 25 cm. 
336 |a text  |b txt  |2 rdacontent 
337 |a unmediated  |b n  |2 rdamedia 
338 |a volume  |b nc  |2 rdacarrier 
490 1 |a Nanoscience and technology 
504 |a Includes bibliographical references and index. 
650 0 |a Quantum dots. 
700 1 |a Masumoto, Y.  |q (Yasuaki),  |d 1948- 
700 1 |a Takagahara, T.  |q (Toshihide),  |d 1950- 
830 0 |a Nanoscience and technology. 
948 |a cataloged  |b h  |c 2002/10/9  |d c  |e eneff  |f 1:45:57 pm 
994 |a E0  |b TXA 
999 |a MARS 
999 f f |s 83214feb-b5b2-395f-90ef-40e7db182202  |i e0174911-5597-35a7-9c85-0e29b8ef5b38  |t 0 
952 f f |p normal  |a Texas A&M University  |b College Station  |c Sterling C. Evans Library  |d Evans: Library Stacks  |t 0  |e TK7874.88 .S457 2002  |h Library of Congress classification  |i unmediated -- volume  |m A14828705370 
998 f f |a TK7874.88 .S457 2002  |t 0  |l Evans: Library Stacks